Responses for Show #7791 - Monday, June 25, 2018

Contestants

[<< previous game]

Kelly Griffin, a teacher from Brookhaven, Mississippi

Ben Henry-Moreland, a financial planner from Omaha, Nebraska

Jordan Nussbaum, a lawyer from Thornhill, Ontario, Canada (whose 1-day cash winnings total $15,800)

[next game >>]

Jeopardy! Round responses

THAT'S THE GOVERNMENT FOR YOU
BOATING WORDS
IN THE BOOKSTORE
"PO"POURRI
KUWAIT, KUWAIT
DON'T TELL ME
    $200 12
Paul Ryan

Jordan
    $200 26
a cleat

Ben
    $200 7
Paddington Bear

Jordan
    $200 6
(Ben: What is a symposium?)

an expo

BenKelly
    $200 1
oil

Kelly
    $200 16
The Sixth Sense

Jordan
    $400 15
the Declaration of Independence

Triple Stumper
    $400 27
ropes

Ben
    $400 8
(Nicholas) Sparks

Ben
    $400 9
porridge

Kelly
    $400 2
sand dunes

Kelly
    $400 17
Planet of the Apes

Jordan
    $600 22
the judiciary

Jordan
    $600 28
capsize

Ben
    $600 10
Daguerre

Jordan
    $600 11
(Jordan: What is a despot?)

a potentate

JordanBen
    $600 3
Asia

Jordan
    $600 18
Dunkirk

Jordan
    $800 23
(Ben: What is Louisiana?)
...
(Alex: The word "Broward" should have helped you come up with [*].)

Florida

Ben
Triple Stumper
    $800 29
[The end-of-round signal sounds.]

a tiller

Ben
    $800 21
Hurricane Katrina

Jordan
    $800 13
poke

Jordan
    $1,000 4
an emirate

Jordan
    $800 19
The Blair Witch Project

Ben
    $1000 24
(Alex: Less than a minute now.)

Consumer Financial Protection Bureau

Ben
    $1000 25
Sookie

Kelly
    $1000 14
the Gestapo

Jordan
    $1000 5
artesian wells

Triple Stumper
    $1000 20
The Wicker Man

Triple Stumper

Scores at the first commercial break (after clue 15):

Jordan Ben Kelly
$3,800 $800 $1,200

Scores at the end of the Jeopardy! Round:

Jordan Ben Kelly
$6,400 $3,800 $2,200

Double Jeopardy! Round responses

THAT TITLE IS SO CLICHÉ
THE AMERICAN REVOLUTION
ADVERBS
GONE A YEAR ALREADY
SCIENCE STUFF
"M"YTHOLOGY
    $400 15
never

Jordan
    $2,000 1
Massachusetts

Kelly
    $400 26
forward

Kelly
    $400 6
Sports Illustrated

Ben
    $400 13
photosynthesis

Ben
    $400 7
Mercury

Jordan
    $800 16
(David) Letterman

Kelly
    $800 2
Benedict Arnold

Ben
    $800 27
often

Jordan
    $800 8
Robert Osborne

Triple Stumper
    $800 17
a jellyfish

Ben
    $800 12
Merlin

Kelly
    $1200 23
The Go-Go's

Triple Stumper
    $1200 3
South Carolina

Ben
    $1200 28
(Jordan: What is oral?)

orally

JordanBen
    $2,000 9
(Jordan: Who is Henry Kissinger?)

Zbigniew Brzezinski

Jordan
    $1200 18
(Ben: What is Uranus?)
(Jordan: What is Neptune?)
(Kelly: What is Mars?)

Saturn

JordanBenKelly
Triple Stumper
    $1200 14
Minerva

Jordan
    $1600 24
(Ben: What is Now You See It?)

Now You See Me

JordanBen
    $1600 4
Hessians

Jordan
    $1600 29
merely

Kelly
    $1600 10
(Gregg) Allman

Jordan
    $1600 19
a caldera

Kelly
    $1600 21
Medea

Triple Stumper
    $2000 25
(Alex: We now have less than a minute.)

Katy Perry

Triple Stumper
    $2000 5
Rochambeau

Jordan
    $2000 30
hereafter

Triple Stumper
    $2000 11
Helmut Kohl

Ben
    $2000 20
the kidney

Triple Stumper
    $2000 22
Midgard

Triple Stumper

Scores at the end of the Double Jeopardy! Round:

Jordan Ben Kelly
$11,600 $7,800 $8,200

[wagering suggestions for these scores]

Final Jeopardy! Round responses

STATE NAME ORIGINS
BenWhat is Maine?
$7,798
KellyWhat is New Jersey?
$8,000
JordanWhat is Maine?
$4,801
New Jersey

Final scores:

Jordan Ben Kelly
$6,799 $2 $16,200
2nd place: $2,000 3rd place: $1,000 New champion: $16,200

Game dynamics:

Coryat scores:

Jordan Ben Kelly
$13,400 $7,800 $6,600
20 R
(including 1 DD),
4 W
(including 1 DD)
15 R,
4 W
11 R
(including 1 DD),
1 W

Combined Coryat: $27,800

[game clues] [game scores] [suggest correction]

Game tape date: 2018-02-21
The J! Archive is created by fans, for fans. Scraping, republication, monetization, and malicious use prohibited; this site may use cookies and collect identifying information. See terms. The Jeopardy! game show and all elements thereof, including but not limited to copyright and trademark thereto, are the property of Jeopardy Productions, Inc. and are protected under law. This website is not affiliated with, sponsored by, or operated by Jeopardy Productions, Inc. Join the discussion at JBoard.tv.